FATHULLA SHIRAZI A SIXTEEN -CENTURY INDIAN SCIENTIST (Record no. 9032)

MARC details
000 -LEADER
fixed length control field 00454nam a22001697a 4500
005 - DATE AND TIME OF LATEST TRANSACTION
control field 20260224151910.0
008 - FIXED-LENGTH DATA ELEMENTS--GENERAL INFORMATION
fixed length control field 260224b |||||||| |||| 00| 0 eng d
041 ## - LANGUAGE CODE
Language code of text/sound track or separate title eng
082 ## - DEWEY DECIMAL CLASSIFICATION NUMBER
Classification number 509.2 SHI-F
100 ## - MAIN ENTRY--AUTHOR NAME
Personal name ALVI, M. A AND RAHMAN A.
245 ## - TITLE STATEMENT
Title FATHULLA SHIRAZI A SIXTEEN -CENTURY INDIAN SCIENTIST
250 ## - EDITION STATEMENT
Edition statement 1st Ed.
260 ## - PUBLICATION, DISTRIBUTION, ETC. (IMPRINT)
Place of publication NEW DELHI
Name of publisher INDIAN NATIONAL SCIENCE ACADEMY
300 ## - PHYSICAL DESCRIPTION
Number of Pages 41;P
650 ## - SUBJECT ADDED ENTRY--TOPICAL TERM
Topical Term BGP
942 ## - ADDED ENTRY ELEMENTS (KOHA)
Koha item type Books
Holdings
Lost status Damaged status Collection code Home library Current library Shelving location Date acquired Source of acquisition Cost, normal purchase price Full call number Accession Number Koha item type
    BHARTIYA GYAN PARAMPARA JRU Library JRU Library KAUTILYA BOOK SANGRAH 24/02/2026 PURCHASE 200.00 509.2 SHI-F 29269 Books